[Event "Titled Tuesday intern op 29th Aug Late"]
[Site "Chess.com INT"]
[Date "2023.08.29"]
[Round "1"]
[White "Bartel, Mateusz"]
[Black "Zavortink, Matt B"]
[Result "1-0"]
[WhiteElo "2625"]
[BlackElo "2135"]
[PlyCount "83"]
[EventDate "2023.08.29"]
[EventType "swiss (blitz)"]
[EventRounds "11"]
[EventCountry "USA"]
[SourceTitle "EXT 2024"]
[Source "ChessBase"]
[SourceDate "2023.10.10"]
[SourceVersion "1"]
[SourceVersionDate "2023.10.10"]
[SourceQuality "1"]

1. e4 c5 2. Nf3 e6 3. d4 cxd4 4. Nxd4 Nf6 5. Nc3 Nc6 6. Nb3 Bb4 7. Bd3 d5 8. exd5 Nxd5 9. Bd2 Nxc3 10. bxc3 Be7 11. 0-0 0-0 12. Re1 b6 13. Qh5 g6 14. Qh6 Bf6 15. Rad1 Bb7 16. Be4 Bg7 17. Qh3 Qc7 18. Bh6 Rad8 19. Bg5 Rxd1 20. Rxd1 Re8 21. Qg3 Qxg3 22. hxg3 f6 23. Rd7 Rb8 24. Bf4 e5 25. Be3 Na5 26. Bxb7 Rxb7 27. Rd8+ Kf7 28. Kf1 Nc4 29. Ke2 f5 30. Nd2 Nxd2 31. Kxd2 Bf6 32. Ra8 Rd7+ 33. Ke2 Rc7 34. Bd2 e4 35. f3 Re7 36. fxe4 Rxe4+ 37. Kd3 Re7 38. Bf4 Ke6 39. c4 Be5 40. c3 Rd7+ 41. Kc2 Rc7 42. Re8+ 1-0

[Event "Titled Tuesday intern op 29th Aug Late"]
[Site "Chess.com INT"]
[Date "2023.08.29"]
[Round "3"]
[White "Zavortink, Matt B"]
[Black "Fromm, Marius"]
[Result "1-0"]
[WhiteElo "2135"]
[BlackElo "2458"]
[PlyCount "81"]
[EventDate "2023.08.29"]
[EventType "swiss (blitz)"]
[EventRounds "11"]
[EventCountry "USA"]
[SourceTitle "EXT 2024"]
[Source "ChessBase"]
[SourceDate "2023.10.10"]
[SourceVersion "1"]
[SourceVersionDate "2023.10.10"]
[SourceQuality "1"]

1. Nf3 Nc6 2. d4 d5 3. Bf4 Bg4 4. e3 e6 5. c3 Bd6 6. Nbd2 Bxf4 7. exf4 Nge7 8. h3 Bh5 9. Bd3 Bg6 10. Qe2 Bxd3 11. Qxd3 Qd6 12. g3 0-0 13. 0-0 Nf5 14. Kg2 f6 15. Rae1 Rae8 16. Re2 Nce7 17. Rfe1 Ng6 18. Qb5 b6 19. Nf1 c6 20. Qa4 Qd7 21. Qc2 Nd6 22. N1d2 Re7 23. h4 Nh8 24. h5 Nhf7 25. Nh4 Rfe8 26. Nhf3 a5 27. Qb3 b5 28. Qc2 Nh6 29. b3 Ng4 30. Rh1 Nf7 31. Rhe1 Qd6 32. c4 dxc4 33. bxc4 Nfh6 34. Ne4 Qb4 35. cxb5 cxb5 36. Nc5 Nf5 37. Rxe6 Rxe6 38. Nxe6 Nd6 39. Qc6 Qc4 40. Qxc4 Nxc4 41. d5 1-0

[Event "Titled Tuesday intern op 27th Jun Late"]
[Site "Chess.com INT"]
[Date "2023.06.27"]
[Round "8"]
[White "Shapiro, Daniel E"]
[Black "Zavortink, Matt B"]
[Result "0-1"]
[WhiteElo "2284"]
[BlackElo "2135"]
[PlyCount "40"]
[EventDate "2023.06.27"]
[EventType "swiss (blitz)"]
[EventRounds "11"]
[EventCountry "USA"]
[SourceTitle "EXT 2024"]
[Source "ChessBase"]
[SourceDate "2023.10.10"]
[SourceVersion "1"]
[SourceVersionDate "2023.10.10"]
[SourceQuality "1"]

1. d4 Nf6 2. c4 g6 3. Nc3 Bg7 4. e4 d6 5. Be2 0-0 6. Nf3 e5 7. 0-0 exd4 8. Nxd4 Re8 9. f3 Nc6 10. Nc2 Nh5 11. Be3 Be5 12. Qe1 f5 13. f4 Bg7 14. Bxh5 gxh5 15. Qg3 h4 16. Qf3 fxe4 17. Nxe4 Bf5 18. Nxd6 Qxd6 19. Rf2 Bxc2 20. Rxc2 Rxe3 0-1

[Event "Titled Tuesday intern op 27th Jun Late"]
[Site "Chess.com INT"]
[Date "2023.06.27"]
[Round "1"]
[White "Zavortink, Matt B"]
[Black "Ter Sahakyan, Samvel"]
[Result "1/2-1/2"]
[WhiteElo "2135"]
[BlackElo "2598"]
[PlyCount "136"]
[EventDate "2023.06.27"]
[EventType "swiss (blitz)"]
[EventRounds "11"]
[EventCountry "USA"]
[SourceTitle "EXT 2024"]
[Source "ChessBase"]
[SourceDate "2023.10.10"]
[SourceVersion "1"]
[SourceVersionDate "2023.10.10"]
[SourceQuality "1"]

1. Nf3 d5 2. g3 b6 3. Bg2 Bb7 4. 0-0 e6 5. c4 dxc4 6. Qa4+ Nd7 7. Qxc4 Ngf6 8. Nc3 c5 9. d4 Rc8 10. Rd1 Be7 11. dxc5 Bxc5 12. Qa4 Bc6 13. Qc2 0-0 14. Bg5 Qe7 15. Rac1 h6 16. Bxf6 Nxf6 17. Ne5 Bxg2 18. Kxg2 Qb7+ 19. Kg1 Rfd8 20. Rxd8+ Rxd8 21. Nd3 Bf8 22. Nb5 a6 23. Qc7 Qa8 24. Na3 Qb8 25. Qxb8 Rxb8 26. Nc4 Nd7 27. Nce5 Nc5 28. Nxc5 bxc5 29. b3 f6 30. Nd7 Rb5 31. Nxf8 Kxf8 32. Kf1 Ke7 33. e3 Kd6 34. Ke2 g5 35. f4 Rb8 36. Rd1+ Kc6 37. Kf3 a5 38. h4 gxh4 39. gxh4 a4 40. Rd3 Ra8 41. Kg4 Rg8+ 42. Kh5 a3 43. Rc3 Kb5 44. Kxh6 Rg2 45. h5 Rxa2 46. Kg7 Rg2+ 47. Kxf6 a2 48. Rc1 Kb4 49. h6 Kxb3 50. h7 Rh2 51. Kg7 Kb2 52. Rg1 a1Q 53. Rxa1 Kxa1 54. h8Q Rxh8 55. Kxh8 c4 56. e4 c3 57. f5 exf5 58. exf5 c2 59. f6 c1Q 60. f7 Qh6+ 61. Kg8 Qg6+ 62. Kh8 Qf6+ 63. Kg8 Qe6 64. Kh8 Qe7 65. Kg8 Qg5+ 66. Kh8 Qh5+ 67. Kg8 Qg6+ 68. Kh8 Qxf7 1/2-1/2

[Event "Titled Tuesday intern op 13th Jun Late"]
[Site "Chess.com INT"]
[Date "2023.06.13"]
[Round "3"]
[White "Bryakin, Mikhail"]
[Black "Zavortink, Matt B"]
[Result "1-0"]
[WhiteElo "2451"]
[BlackElo "2135"]
[PlyCount "87"]
[EventDate "2023.06.13"]
[EventType "swiss (blitz)"]
[EventRounds "11"]
[EventCountry "USA"]
[SourceTitle "EXT 2024"]
[Source "ChessBase"]
[SourceDate "2023.10.10"]
[SourceVersion "1"]
[SourceVersionDate "2023.10.10"]
[SourceQuality "1"]

1. e4 e6 2. d4 d5 3. Nc3 Nf6 4. Bg5 dxe4 5. Nxe4 Be7 6. Bxf6 gxf6 7. Nf3 f5 8. Nc3 a6 9. g3 b5 10. Bg2 Bb7 11. 0-0 0-0 12. Re1 b4 13. Na4 Nd7 14. Qd2 c5 15. Rad1 Qa5 16. b3 cxd4 17. Nxd4 Bxg2 18. Kxg2 Qd5+ 19. Nf3 Qxd2 20. Nxd2 Rfd8 21. Nc4 Nc5 22. Nxc5 Bxc5 23. f4 Kf8 24. Ne5 a5 25. Nd7+ Rxd7 26. Rxd7 a4 27. Re2 axb3 28. cxb3 Ke8 29. Rc7 Bd6 30. Rc6 Kd7 31. Rc4 f6 32. Rd2 Ke7 33. Rc6 Rd8 34. Rb6 e5 35. Kf3 e4+ 36. Ke2 Rd7 37. Rd5 Ke6 38. Rd4 h5 39. Rdxb4 h4 40. Rd4 hxg3 41. hxg3 Ke7 42. b4 Ke6 43. a4 Ke7 44. a5 1-0

[Event "Titled Tuesday intern op 13th Jun Late"]
[Site "Chess.com INT"]
[Date "2023.06.13"]
[Round "4"]
[White "Manukyan, Sargis A"]
[Black "Zavortink, Matt B"]
[Result "0-1"]
[WhiteElo "2158"]
[BlackElo "2135"]
[PlyCount "96"]
[EventDate "2023.06.13"]
[EventType "swiss (blitz)"]
[EventRounds "11"]
[EventCountry "USA"]
[SourceTitle "EXT 2024"]
[Source "ChessBase"]
[SourceDate "2023.10.10"]
[SourceVersion "1"]
[SourceVersionDate "2023.10.10"]
[SourceQuality "1"]

1. d4 d5 2. c4 c6 3. Nc3 Nf6 4. e3 e6 5. Nf3 a6 6. Bd3 dxc4 7. Bxc4 b5 8. Bd3 c5 9. 0-0 Bb7 10. a4 b4 11. Ne2 Nbd7 12. Ng3 Be7 13. e4 cxd4 14. e5 Nd5 15. Re1 Nc5 16. Nh5 g6 17. Ng7+ Kf8 18. Bh6 Kg8 19. Nxd4 Bf8 20. Ngf5 exf5 21. Bxf8 Kxf8 22. Bc4 Ne6 23. Nb3 Rc8 24. Bf1 Ndf4 25. Nd2 Qd5 26. f3 Nd3 27. Re3 Qd4 28. Qe2 Nef4 29. Qxd3 Nxd3 30. Rae1 Nxb2 31. Kf2 Qxd2+ 32. R1e2 Qd4 33. e6 Nd1+ 34. Kg3 Nxe3 35. h4 Nxf1+ 36. Kh3 Ne3 37. a5 fxe6 38. f4 Qxf4 39. h5 Qg4+ 40. Kh2 Qxg2+ 41. Rxg2 Nxg2 42. h6 Kf7 43. Kg3 b3 44. Kh3 Nf4+ 45. Kg3 e5 46. Kh2 Rc2+ 47. Kg3 Rg2+ 48. Kh4 g5# 0-1

[Event "Titled Tuesday intern op 23rd May Early"]
[Site "Chess.com INT"]
[Date "2023.05.23"]
[Round "8"]
[White "Zavortink, Matt B"]
[Black "Goldin, Roman"]
[Result "0-1"]
[WhiteElo "2193"]
[BlackElo "2322"]
[PlyCount "176"]
[EventDate "2023.05.23"]
[EventType "swiss (blitz)"]
[EventRounds "11"]
[EventCountry "USA"]
[SourceTitle "CBM 214 Extra"]
[Source "ChessBase"]
[SourceDate "2023.07.31"]
[SourceVersion "1"]
[SourceVersionDate "2023.07.31"]
[SourceQuality "1"]

1. Nf3 Nf6 2. g3 b5 3. Na3 a6 4. c4 b4 5. Nc2 e6 6. Bg2 Bb7 7. 0-0 c5 8. d4 cxd4 9. Ncxd4 Be7 10. b3 0-0 11. Bb2 d6 12. Qc2 g6 13. a3 e5 14. axb4 exd4 15. Bxd4 Nc6 16. Bc3 Qc7 17. Qc1 Ne5 18. Qh6 Ne4 19. Bb2 Bf6 20. Nxe5 Bxe5 21. Bxe5 dxe5 22. h4 Nf6 23. Bh3 Qc6 24. f3 Qb6+ 25. Kh2 Qxb4 26. g4 Rad8 27. h5 Qd2 28. Qxd2 Rxd2 29. Rf2 e4 30. hxg6 hxg6 31. Kg1 Rfd8 32. fxe4 Nxe4 33. Rh2 Ng5 34. Bg2 Rd1+ 35. Rxd1 Rxd1+ 36. Kf2 Bxg2 37. Rxg2 Rb1 38. Ke3 Rxb3+ 39. Kd4 Ne6+ 40. Ke4 Rc3 41. e3 Rxc4+ 42. Kd3 Rc6 43. Ra2 Kg7 44. Ke4 Rc1 45. Kf3 Nc5 46. Ra5 Rc4 47. Kg3 Kf6 48. Kf3 Ke6 49. Kg3 Kd6 50. Kh4 Kc6 51. Kg5 Kb6 52. Ra1 Ne4+ 53. Kh6 Nc3 54. g5 Rc5 55. Kg7 Rxg5 56. Kxf7 Rg3 57. Ra3 Nd5 58. Rb3+ Kc5 59. Ra3 Nb4 60. Ra5+ Kb6 61. Re5 a5 62. Re6+ Kb5 63. Re5+ Kb6 64. Re6+ Nc6 65. Re4 Kb5 66. Ke6 a4 67. Kd5 Nb4+ 68. Kd4 Rg5 69. Kc3 Rc5+ 70. Kb2 Rc2+ 71. Kb1 Rc4 72. Re5+ Rc5 73. Re4 Nd5 74. Rg4 Nxe3 75. Rxg6 Kb4 76. Re6 Nc4 77. Re4 Kb3 78. Rh4 a3 79. Rh3+ Kb4 80. Ka2 Rd5 81. Rb3+ Ka4 82. Rc3 Rd2+ 83. Ka1 Kb4 84. Rh3 Re2 85. Rg3 Ne3 86. Rh3 Kb3 87. Rh1 Nc2+ 88. Kb1 a2+ 0-1

[Event "Titled Tuesday intern op 23rd May Early"]
[Site "Chess.com INT"]
[Date "2023.05.23"]
[Round "10"]
[White "Zavortink, Matt B"]
[Black "Yanayt, Eugene"]
[Result "1-0"]
[WhiteElo "2193"]
[BlackElo "2004"]
[PlyCount "84"]
[EventDate "2023.05.23"]
[EventType "swiss (blitz)"]
[EventRounds "11"]
[EventCountry "USA"]
[SourceTitle "CBM 214 Extra"]
[Source "ChessBase"]
[SourceDate "2023.07.31"]
[SourceVersion "1"]
[SourceVersionDate "2023.07.31"]
[SourceQuality "1"]

1. d4 Nf6 2. Bf4 c5 3. e3 cxd4 4. exd4 d5 5. c3 Nc6 6. Bd3 e6 7. Nd2 Bd6 8. Bg3 0-0 9. Ngf3 h6 10. Qe2 Qc7 11. Bxd6 Qxd6 12. 0-0 Bd7 13. Ne5 Be8 14. f4 Nd7 15. Bc2 Rb8 16. Qd3 f5 17. Nxd7 Qxd7 18. Ba4 Qf7 19. Bxc6 bxc6 20. b4 c5 21. dxc5 Bb5 22. Qd4 Bxf1 23. Rxf1 Qf6 24. Nf3 Rbe8 25. Ne5 Qd8 26. a4 Rf6 27. Rd1 Qc7 28. b5 Ra8 29. c6 Qd6 30. a5 Kh7 31. Rb1 g5 32. Nd7 Rf7 33. b6 Qxc6 34. Ne5 Qe8 35. Nxf7 Qxf7 36. b7 Rb8 37. Qxa7 Qc7 38. fxg5 hxg5 39. a6 Qf4 40. Qd4 Qc7 41. a7 Rxb7 42. Ra1 Rb2 1-0

[Event "Titled Tuesday intern op 16th May Early"]
[Site "Chess.com INT"]
[Date "2023.05.16"]
[Round "5"]
[White "Bodnaruk, Anastasia"]
[Black "Zavortink, Matt B"]
[Result "1-0"]
[WhiteElo "2350"]
[BlackElo "2193"]
[PlyCount "75"]
[EventDate "2023.05.16"]
[EventType "swiss (blitz)"]
[EventRounds "11"]
[EventCountry "USA"]
[SourceTitle "CBM 214 Extra"]
[Source "ChessBase"]
[SourceDate "2023.07.31"]
[SourceVersion "1"]
[SourceVersionDate "2023.07.31"]
[SourceQuality "1"]

1. e4 e6 2. d4 d5 3. e5 c5 4. c3 Nc6 5. Nf3 Bd7 6. Be2 Nge7 7. Na3 cxd4 8. cxd4 Nf5 9. Nc2 Be7 10. 0-0 0-0 11. g4 Nh4 12. Nxh4 Bxh4 13. f4 f6 14. Be3 Rc8 15. Bd3 fxe5 16. dxe5 Be7 17. Qd2 d4 18. Bf2 Qb6 19. Rab1 Rfd8 20. Be4 Be8 21. b4 Qb5 22. Rb3 d3 23. Rxd3 Rxd3 24. Qxd3 Qxd3 25. Bxd3 Nxb4 26. Nxb4 Bxb4 27. Bxa7 Ra8 28. Bf2 Bc6 29. Bc4 Kf7 30. f5 Bd5 31. Bxd5 exd5 32. Rd1 Ra5 33. Rc1 Rxa2 34. e6+ Ke8 35. Rc8+ Ke7 36. Bh4+ Kd6 37. e7 Bc5+ 38. Rxc5 1-0

[Event "Titled Tuesday intern op 16th May Early"]
[Site "Chess.com INT"]
[Date "2023.05.16"]
[Round "10"]
[White "Gheorghiu, Calin"]
[Black "Zavortink, Matt B"]
[Result "1/2-1/2"]
[WhiteElo "2313"]
[BlackElo "2193"]
[PlyCount "106"]
[EventDate "2023.05.16"]
[EventType "swiss (blitz)"]
[EventRounds "11"]
[EventCountry "USA"]
[SourceTitle "CBM 214 Extra"]
[Source "ChessBase"]
[SourceDate "2023.07.31"]
[SourceVersion "1"]
[SourceVersionDate "2023.07.31"]
[SourceQuality "1"]

1. e4 e6 2. d4 d5 3. Nc3 Nf6 4. e5 Nfd7 5. f4 c5 6. Nf3 Nc6 7. Be3 cxd4 8. Nxd4 Qb6 9. Qd2 Qxb2 10. Rb1 Qa3 11. Bb5 Nxd4 12. Bxd4 a6 13. Bxd7+ Bxd7 14. Rxb7 Bb4 15. 0-0 Bc8 16. Rc7 Qa5 17. a3 Qxc7 18. axb4 0-0 19. f5 exf5 20. Nxd5 Qb7 21. Bc5 Be6 22. Bxf8 Qxd5 23. Qxd5 Bxd5 24. Bc5 Be4 25. c3 a5 26. b5 Bd3 27. Rf3 Bxb5 28. Rxf5 a4 29. Ba3 Rd8 30. h3 Rd1+ 31. Kh2 g6 32. Rf3 Rd3 33. Rxd3 Bxd3 34. Kg3 Kg7 35. Kf4 f6 36. exf6+ Kxf6 37. g4 g5+ 38. Kg3 h6 39. h4 gxh4+ 40. Kxh4 Kg6 41. Bc5 Bc4 42. Bb4 Bb3 43. Bc5 Bc4 44. Bb4 Kf6 45. Bc5 Ke6 46. Kh5 Be2 47. Kxh6 Bxg4 48. Bb4 Kd5 49. Kg5 Be2 50. Kf4 Kc4 51. Ke3 Bd1 52. Kd2 Bh5 53. Kc1 Bg6 1/2-1/2

[Event "Titled Tuesday intern op 16th May Early"]
[Site "Chess.com INT"]
[Date "2023.05.16"]
[Round "2"]
[White "Zavortink, Matt B"]
[Black "Hartikainen, Jarmo"]
[Result "1-0"]
[WhiteElo "2193"]
[BlackElo "2108"]
[PlyCount "53"]
[EventDate "2023.05.16"]
[EventType "swiss (blitz)"]
[EventRounds "11"]
[EventCountry "USA"]
[SourceTitle "CBM 214 Extra"]
[Source "ChessBase"]
[SourceDate "2023.07.31"]
[SourceVersion "1"]
[SourceVersionDate "2023.07.31"]
[SourceQuality "1"]

1. Nf3 Nf6 2. g3 g6 3. b3 Bg7 4. Bb2 0-0 5. Bg2 d6 6. d4 e5 7. dxe5 Ng4 8. Nc3 Nxe5 9. Qd2 Nxf3+ 10. Bxf3 Nc6 11. 0-0-0 a5 12. a4 Nb4 13. h4 Qf6 14. Kb1 Bf5 15. Rc1 c6 16. Nd1 Qe7 17. Bxg7 Kxg7 18. h5 b5 19. hxg6 fxg6 20. axb5 a4 21. Qxb4 axb3 22. Qxb3 Ra5 23. Qc3+ Qe5 24. Qxa5 Rb8 25. Qc7+ Kf6 26. Qxb8 Qc5 27. Qf8+ 1-0

[Event "Titled Tuesday intern op 09th May Early"]
[Site "Chess.com INT"]
[Date "2023.05.09"]
[Round "6"]
[White "Balint, Vilmos"]
[Black "Zavortink, Matt B"]
[Result "1-0"]
[WhiteElo "2169"]
[BlackElo "2193"]
[PlyCount "79"]
[EventDate "2023.05.09"]
[EventType "swiss (blitz)"]
[EventRounds "11"]
[EventCountry "USA"]
[SourceTitle "CBM 214 Extra"]
[Source "ChessBase"]
[SourceDate "2023.07.31"]
[SourceVersion "1"]
[SourceVersionDate "2023.07.31"]
[SourceQuality "1"]

1. d4 d5 2. Bf4 Nf6 3. Nf3 Bf5 4. e3 e6 5. Be2 Nbd7 6. 0-0 Ne4 7. Nbd2 Be7 8. c4 g5 9. Bg3 h5 10. cxd5 exd5 11. h3 Nxg3 12. fxg3 Bd6 13. Qb3 Be6 14. Qxb7 Bxg3 15. Nxg5 Rb8 16. Nxe6 Rxb7 17. Nxd8 Kxd8 18. Nb3 f6 19. Rf5 c6 20. Bxh5 a5 21. Nxa5 Rxb2 22. Nxc6+ Kc7 23. Ne7 Rhb8 24. Rc1+ Kd6 25. Nc8+ Ke6 26. Bg4 Kf7 27. Rf3 Rb1 28. Rff1 Rxc1 29. Rxc1 Nf8 30. Na7 Rb2 31. Nc6 Rxa2 32. Nd8+ Ke8 33. Ne6 Nxe6 34. Bxe6 Bf2+ 35. Kh2 Bxe3 36. Re1 Bf4+ 37. Kg1 Kf8 38. Bxd5 Bg3 39. Rf1 Ke7 40. Bxa2 1-0

[Event "Titled Tuesday intern op 09th May Early"]
[Site "Chess.com INT"]
[Date "2023.05.09"]
[Round "11"]
[White "Bueno, Alfeu Varela Jr"]
[Black "Zavortink, Matt B"]
[Result "0-1"]
[WhiteElo "2135"]
[BlackElo "2193"]
[PlyCount "104"]
[EventDate "2023.05.09"]
[EventType "swiss (blitz)"]
[EventRounds "11"]
[EventCountry "USA"]
[SourceTitle "CBM 214 Extra"]
[Source "ChessBase"]
[SourceDate "2023.07.31"]
[SourceVersion "1"]
[SourceVersionDate "2023.07.31"]
[SourceQuality "1"]

1. e4 e6 2. d4 d5 3. Nd2 Be7 4. Bd3 c5 5. c3 cxd4 6. cxd4 dxe4 7. Nxe4 Nf6 8. Nf3 Bd7 9. 0-0 Bc6 10. Qe2 Nxe4 11. Bxe4 Bxe4 12. Qxe4 Nc6 13. Re1 0-0 14. Bf4 Rc8 15. Rad1 Nb4 16. Qxb7 Nd5 17. Bg3 Qa5 18. a3 Rc2 19. Re5 Bf6 20. Re4 Rfc8 21. h3 h6 22. Ne5 R2c7 23. Qb3 Rc1 24. Ree1 Qxe1+ 25. Rxe1 Rxe1+ 26. Kh2 Rcc1 27. Qb8+ Kh7 28. Bf4 Nxf4 29. Nd7 Ng6 30. Qe8 Rh1+ 31. Kg3 Bh4+ 32. Kf3 Rcf1 33. g3 Rxh3 34. Qxf7 Rxg3+ 35. Ke2 Rgg1 36. Kd3 Rxf2 37. Qe8 Rd1+ 38. Kc4 Rc1+ 39. Kb3 Rb1 40. Qxe6 Rbxb2+ 41. Ka4 Rf4 42. Qc4 Rd2 43. Kb5 Rdxd4 44. Qc2 Rxd7 45. a4 Rd5+ 46. Kc6 Rdd4 47. Kb5 Rb4+ 48. Ka5 Rxa4+ 49. Kb5 Rfb4+ 50. Kc5 Rc4+ 51. Qxc4 Rxc4+ 52. Kxc4 Bf6 0-1

[Event "Titled Tuesday intern op 25th Apr Early"]
[Site "Chess.com INT"]
[Date "2023.04.25"]
[Round "5"]
[White "Prieto Aranguren, Alain"]
[Black "Zavortink, Matt B"]
[Result "1-0"]
[WhiteElo "2280"]
[BlackElo "2193"]
[PlyCount "121"]
[EventDate "2023.04.25"]
[EventType "swiss (blitz)"]
[EventRounds "11"]
[EventCountry "USA"]
[SourceTitle "EXT 2024"]
[Source "ChessBase"]
[SourceDate "2023.10.10"]
[SourceVersion "1"]
[SourceVersionDate "2023.10.10"]
[SourceQuality "1"]

1. e4 e6 2. d4 d5 3. exd5 exd5 4. Bd3 Nf6 5. Nf3 c5 6. dxc5 Bxc5 7. 0-0 0-0 8. Nbd2 h6 9. Nb3 Bb6 10. Bf4 Nc6 11. c3 Bg4 12. Be2 Re8 13. Nfd4 Bxe2 14. Nxe2 Ne4 15. Ned4 Qf6 16. Be3 Rad8 17. Qf3 Nxd4 18. Nxd4 Bxd4 19. cxd4 Qxf3 20. gxf3 Nd6 21. b3 Rc8 22. Rfc1 Nf5 23. Kf1 Kf8 24. Ke1 Ke7 25. Kd2 Kd7 26. Rxc8 Rxc8 27. Rg1 g6 28. Kd3 h5 29. Rb1 b5 30. Rg1 Rc6 31. Bd2 Ra6 32. Ra1 Nh4 33. Ke2 Nf5 34. Kd3 Re6 35. a4 bxa4 36. Rxa4 a6 37. Ra5 Rd6 38. Bf4 Rb6 39. Rxd5+ Ke6 40. Re5+ Kf6 41. Kc3 g5 42. Be3 Rc6+ 43. Rc5 Rb6 44. d5 Ne7 45. Bxg5+ Kxg5 46. d6+ Kf6 47. dxe7 Kxe7 48. Rxh5 Rf6 49. Rh3 Rf4 50. Kd3 f6 51. Ke3 Rb4 52. Rh7+ Ke6 53. Ra7 Rxb3+ 54. Kf4 Ra3 55. h4 Ra4+ 56. Kg3 Kf5 57. Rg7 Ra1 58. Kg2 Rb1 59. h5 Rb8 60. h6 Rh8 61. h7 1-0

[Event "Titled Tuesday intern op 18th Apr Early"]
[Site "Chess.com INT"]
[Date "2023.04.18"]
[Round "6"]
[White "Aradhya, Garg"]
[Black "Zavortink, Matt B"]
[Result "1-0"]
[WhiteElo "2305"]
[BlackElo "2193"]
[PlyCount "105"]
[EventDate "2023.04.18"]
[EventType "swiss (blitz)"]
[EventRounds "11"]
[EventCountry "USA"]
[SourceTitle "EXT 2024"]
[Source "ChessBase"]
[SourceDate "2023.10.10"]
[SourceVersion "1"]
[SourceVersionDate "2023.10.10"]
[SourceQuality "1"]

1. d4 Nf6 2. c4 g6 3. g3 Bg7 4. Bg2 0-0 5. Nc3 Nc6 6. Bf4 d6 7. Nf3 Nh5 8. Be3 e5 9. 0-0 Bd7 10. Qd2 exd4 11. Nxd4 Nxd4 12. Bxd4 Bc6 13. Nd5 Nf6 14. Rac1 Re8 15. e3 Nd7 16. b4 b6 17. Bxg7 Kxg7 18. Qd4+ Kg8 19. h4 a5 20. a3 axb4 21. axb4 Ra7 22. h5 Bxd5 23. cxd5 Qf6 24. hxg6 hxg6 25. Qxf6 Nxf6 26. Rc4 Re5 27. Rfc1 Nxd5 28. f4 Nxe3 29. fxe5 Nxc4 30. Rxc4 dxe5 31. Rc6 Ra4 32. b5 Rb4 33. Bf1 Rb3 34. Kg2 f5 35. Rxg6+ Kf7 36. Rc6 Rb2+ 37. Kg1 f4 38. Rxc7+ Kf6 39. Rc6+ Kg5 40. gxf4+ exf4 41. Rxb6 f3 42. Rb8 Kf4 43. Rf8+ Kg3 44. Rg8+ Kf4 45. Rg7 Ke3 46. Re7+ Kf4 47. Re6 Kg3 48. Rg6+ Kf4 49. b6 Ke3 50. Re6+ Kf4 51. Ba6 Ra2 52. b7 Kg3 53. b8Q+ 1-0

[Event "Titled Tuesday intern op 18th Apr Early"]
[Site "Chess.com INT"]
[Date "2023.04.18"]
[Round "2"]
[White "Ciuffoletti, Paolo"]
[Black "Zavortink, Matt B"]
[Result "0-1"]
[WhiteElo "2106"]
[BlackElo "2193"]
[PlyCount "72"]
[EventDate "2023.04.18"]
[EventType "swiss (blitz)"]
[EventRounds "11"]
[EventCountry "USA"]
[SourceTitle "EXT 2024"]
[Source "ChessBase"]
[SourceDate "2023.10.10"]
[SourceVersion "1"]
[SourceVersionDate "2023.10.10"]
[SourceQuality "1"]

1. e4 e6 2. d4 d5 3. e5 c5 4. c3 Nc6 5. Nf3 Bd7 6. Be2 Nge7 7. 0-0 Ng6 8. g3 cxd4 9. cxd4 f6 10. Bd3 fxe5 11. Bxg6+ hxg6 12. Nxe5 Nxe5 13. dxe5 Qc7 14. Bf4 0-0-0 15. Nc3 Kb8 16. Rc1 Qa5 17. Qg4 d4 18. Ne4 Qd5 19. Nd6 Bc6 20. Rxc6 bxc6 21. Nf7 Bc5 22. Nxh8 Rxh8 23. Qxg6 d3 24. Qxg7 Rd8 25. Rd1 Qf3 26. Rd2 Bb4 27. Qf6 Rd5 28. Qxe6 Bxd2 29. Bxd2 Qd1+ 30. Kg2 Qxd2 31. Qe8+ Kb7 32. e6 Qe2 33. e7 Qe4+ 34. f3 Qe2+ 35. Kh3 Qe6+ 36. g4 Re5 0-1

[Event "Titled Tuesday intern op 18th Apr Early"]
[Site "Chess.com INT"]
[Date "2023.04.18"]
[Round "9"]
[White "Mikhaylova, Irina"]
[Black "Zavortink, Matt B"]
[Result "0-1"]
[WhiteElo "2257"]
[BlackElo "2193"]
[PlyCount "64"]
[EventDate "2023.04.18"]
[EventType "swiss (blitz)"]
[EventRounds "11"]
[EventCountry "USA"]
[SourceTitle "EXT 2024"]
[Source "ChessBase"]
[SourceDate "2023.10.10"]
[SourceVersion "1"]
[SourceVersionDate "2023.10.10"]
[SourceQuality "1"]

1. Nf3 Nf6 2. c4 g6 3. Nc3 Bg7 4. e4 d6 5. d4 0-0 6. Be2 Na6 7. 0-0 e5 8. Be3 Qe7 9. d5 Ng4 10. Bg5 f6 11. Bh4 g5 12. Bg3 f5 13. Nd2 Nf6 14. f3 f4 15. Bf2 h5 16. a3 Kh8 17. b4 g4 18. Bh4 g3 19. h3 Bh6 20. Re1 Qg7 21. Bd3 Nh7 22. Kf1 Rg8 23. Ke2 Nf8 24. c5 Ng6 25. Bxa6 bxa6 26. cxd6 cxd6 27. Nc4 Nxh4 28. Rg1 Qc7 29. Qb3 Bd7 30. Rac1 Rac8 31. Kd2 Qxc4 32. Qxc4 Rxc4 0-1

[Event "Titled Tuesday intern op 18th Apr Early"]
[Site "Chess.com INT"]
[Date "2023.04.18"]
[Round "11"]
[White "O'Gorman, Tom"]
[Black "Zavortink, Matt B"]
[Result "1/2-1/2"]
[WhiteElo "2355"]
[BlackElo "2193"]
[PlyCount "89"]
[EventDate "2023.04.18"]
[EventType "swiss (blitz)"]
[EventRounds "11"]
[EventCountry "USA"]
[SourceTitle "EXT 2024"]
[Source "ChessBase"]
[SourceDate "2023.10.10"]
[SourceVersion "1"]
[SourceVersionDate "2023.10.10"]
[SourceQuality "1"]

1. e4 e6 2. d4 d5 3. Bd3 dxe4 4. Bxe4 Nf6 5. Bf3 c5 6. Ne2 Nc6 7. Be3 Nd5 8. Bxd5 Qxd5 9. 0-0 cxd4 10. Nxd4 Bd7 11. Nc3 Qe5 12. Nf3 Qh5 13. a4 0-0-0 14. Nb5 Be8 15. Qe1 a6 16. Qc3 Bb4 17. Na7+ Kc7 18. Qc4 Qd5 19. Qxd5 Rxd5 20. Nxc6 Bxc6 21. Nd4 Be8 22. c3 Be7 23. Rfd1 Bf6 24. b3 Kc8 25. Rac1 Bxd4 26. Rxd4 Bc6 27. Rxd5 Bxd5 28. c4 Bc6 29. Rd1 Rd8 30. Rxd8+ Kxd8 31. a5 Kd7 32. f4 Be4 33. Bd4 f6 34. Kf2 Bc2 35. b4 Bd3 36. c5 Kc6 37. Ke3 Bf1 38. g4 Kb5 39. Bc3 Kc4 40. Be1 f5 41. g5 g6 42. h4 Bd3 43. Bd2 Be4 44. Be1 Bd5 45. Bd2 1/2-1/2

[Event "Titled Tuesday intern op 28th Mar Late"]
[Site "Chess.com INT"]
[Date "2023.03.28"]
[Round "10"]
[White "Golubev, Mikhail"]
[Black "Zavortink, Matt B"]
[Result "1-0"]
[WhiteElo "2461"]
[BlackElo "2193"]
[PlyCount "107"]
[EventDate "2023.03.28"]
[EventType "swiss (blitz)"]
[EventRounds "11"]
[EventCountry "USA"]
[SourceTitle "EXT 2024"]
[Source "ChessBase"]
[SourceDate "2023.10.10"]
[SourceVersion "1"]
[SourceVersionDate "2023.10.10"]
[SourceQuality "1"]

1. e4 e6 2. d4 d5 3. Nc3 Nf6 4. Bg5 dxe4 5. Nxe4 Be7 6. Nxf6+ Bxf6 7. Bxf6 Qxf6 8. Qd2 c5 9. Nf3 0-0 10. 0-0-0 Rd8 11. Qc3 cxd4 12. Rxd4 Bd7 13. Qd2 Qe7 14. Bd3 Nc6 15. Rh4 h6 16. Re1 Be8 17. Rg4 Qf6 18. Rf4 Qe7 19. a3 Rac8 20. Qe3 a6 21. Qe4 g6 22. Rh4 Kg7 23. Qe3 g5 24. Rg4 f6 25. h4 Bg6 26. hxg5 hxg5 27. Nxg5 Ne5 28. Bxg6 Nxg6 29. Nxe6+ Kf7 30. Rxg6 Kxg6 31. Qg3+ Kf7 32. Qg7+ Ke8 33. Qg6+ Kd7 34. Rd1+ Kxe6 35. Re1+ Kd7 36. Qd3+ Ke8 37. Rxe7+ Kxe7 38. Qe4+ Kf7 39. Qxb7+ Kg6 40. c3 Ra8 41. Qe4+ f5 42. Qe6+ Kg5 43. Qe7+ Kg6 44. f4 Re8 45. Qg5+ Kf7 46. Qxf5+ Kg7 47. Qg5+ Kf7 48. g4 Rad8 49. Qf5+ Kg7 50. g5 Rf8 51. Qe5+ Kg6 52. Qe6+ Kh5 53. Qh6+ Kg4 54. g6 1-0